• 首页
  • 本馆介绍
  • 公告通知
  • 最新文献
  • 馆藏检索
  • 电子资源
  • 读者导购
  • 参考咨询
  • 我的图书馆
  • 登录
  • 详细信息显示
  • 放入我的书架
  • 预约/预借图书
  • 作者相关作品
  • 分类相关作品
  • 丛书相关作品
  • 出版社相关作品

书目信息

  • 表格格式
  • 工作单格式
  • 卡片格式
题名:
哲学研究方法论
    
 
作者: 欧阳康 著
分册:  
出版信息: 武汉   武汉大学出版社  1998
页数: 13,750页
开本: 21cm
丛书名: 武汉大学学术丛书
单 册:
中图分类: B0
科图分类:
主题词: 哲学理论
电子资源:
ISBN: 7-307-02533-7
000 00651oam2 2200229 45
001 010000004062
005 20050916090251.60
010    @a7-307-02533-7@b精装@dCNY38.00
100    @a20040408e20041998ekmy0chiy0120 ea
101 0  @achi@eeng
102    @aCN@b420000
105    @ay z 000yy
200 1  @a哲学研究方法论@Azhe xue yan jiu fang fa lun@f欧阳康著@Fou yang kang zhu
210    @a武汉@c武汉大学出版社@d1998
215    @a13,750页@d21cm
225 2  @a武汉大学学术丛书
410  0 @12001 @a武汉大学学术丛书
606 0  @a哲学理论
690    @aB0@v4
701  0 @a欧阳康@Aou yang kang@4著
801  0 @aCN@bTSSF@c20050916
905    @a10447@dB0@e154
    
    哲学研究方法论/欧阳康著.-武汉:武汉大学出版社,1998
    13,750页;21cm.-(武汉大学学术丛书)
    
    
    ISBN 7-307-02533-7(精装):CNY38.00
    
●
相关链接 在E读中查询图书 在五车中查询图书 在当当中查询图书 在豆瓣中查询图书


正题名:哲学研究方法论     索取号:B0/154         预约/预借

序号 登录号 条形码 馆藏地/架位号 状态 备注
1 0361392   3613922   第一样本阅览室/ [索取号:B0/154] 在馆    
2 0361393   3613931   密集书库/ [索取号:B0/154] 在馆    
3 0361394   3613940   第一借阅区/ [索取号:B0/154] 在馆    
4 0361395   3613959   密集书库/ [索取号:B0/154] 在馆    
5 0361396   3613968   密集书库/ [索取号:B0/154] 在馆    
6 0361397   3613977   密集书库/ [索取号:B0/154] 在馆    
7 0361398   3613986   第一借阅区/ [索取号:B0/154] 在馆    
8 0361399   3613995   密集书库/ [索取号:B0/154] 在馆    
9 0361400   3614002   密集书库/ [索取号:B0/154] 在馆    
10 0361401   3614011   教育系资料室/ [索取号:B0/154] 在馆    
唐山师范学院图书馆 欢迎您!
大连网信软件有限公司© 版权所有